| 000 | 00586nam a22002057a 4500 | ||
|---|---|---|---|
| 003 | OSt | ||
| 008 | 260430b |||||||| |||| 00| 0 eng d | ||
| 082 |
_a635.2558 _bS15S |
||
| 100 | _aSangeeta Kumari | ||
| 245 |
_aStudies on Crop Weed Competition and Weed Management in Onion (Allium cepa L.) / _cby Sangeeta Kumari |
||
| 260 |
_a.- Sabour, Bhagalpur _b: Bihar Agricultural College, RAU _c, 2000 |
||
| 300 | _a93p. | ||
| 502 |
_bPh.D. _d2000 |
||
| 650 | _aHorticulture | ||
| 650 | _aOnion | ||
| 650 | _aWeed Management | ||
| 650 | _aThesis | ||
| 650 | _aPh. D. | ||
| 942 |
_2ddc _cT |
||
| 999 |
_c50338 _d50338 |
||